000 00334nam a2200133 a 4500
005 20140414132053.0
008 110714s19uu xx 00 eng d
050 _aFIC
_bP41 2006
100 _aPerry, Chrissie
245 _aThe secret club.
260 _aUS :
_bFeiwel @ Friends,
_c2006.
440 _aFairy Blossoms
999 _c114218
_d114218